000 00750nam a22002417a 4500
001 57783
005 20260513144130.0
008 260427s2025 bg |||||||| |||| 00| 0 eng d
020 _a9789843350619
040 _aBD-DhIUB
_cBD-DhIUB
_dBD-DhIUB
082 _222
_a340.59
_bF247i
100 _aFaruque, Abdullah Al
_96893
245 _aInternational Human Rights Law:
_bprotection mechanism and contemporary issues/
_cAbdullah Al Faruque.
250 _a3rd ed.
260 _aDhaka:
_bNew Warsi Book Corporation,
_c2025
300 _axii,611p;.
_c24cm
526 _aSL
_blaw
_lLaw
541 _aKarim
650 0 _aHuman rights.
_93914
650 0 _aInternational law and human rights.
_93915
650 0 _aCivil rights
_97164
942 _2ddc
_cBK
999 _c57783
_d57957